00482 2200193 4500001002100000005001500021035002000036245004500056100001400101250000600115300003500121260003900156082001000195084001600205020002200221650001100243990001700254990001700271INLIS00000000000106920190427121843 a0010-04190000781 aAkhlak Siswa Terhadap Teman /cDrs. Loso0 aDrs. Loso a- avi, 58 hlm. :bilus. ;c25 cm. aSemarang :bCV Ghyyas Putra,c2008 a297.5 a297.5 LOS a a978-979-051-018-0 aAkhlak a03921/P/2018 a04260/P/2018